[Event "BCF-chT3 0809 (4NCL)"]
[Site "Hinckley Island"]
[Date "2009.05.04"]
[Round "11.5"]
[White "Rajeswaran, Kiruthika"]
[Black "Gilbert, Colin"]
[Result "1/2-1/2"]
[WhiteElo "1850"]
[BlackElo "1875"]
[PlyCount "55"]
[EventDate "2008.10.18"]
[EventType "team-swiss"]
[EventRounds "11"]
[EventCountry "ENG"]
[SourceTitle "EXT 2010"]
[Source "ChessBase"]
[SourceDate "2010.11.25"]
[SourceVersion "1"]
[SourceVersionDate "2010.11.25"]
[SourceQuality "1"]
[WhiteTeam "Leicester III"]
[BlackTeam "FPONTY"]
[WhiteTeamCountry "ENG"]
[BlackTeamCountry "ENG"]

1. e4 c5 2. Nf3 Nc6 3. Bb5 g6 4. d4 cxd4 5. Bxc6 dxc6 6. Nxd4 Bg7 7. c3 Nf6 8. Qe2 e5 9. Nf3 Qc7 10. Bg5 Bg4 11. Nbd2 h6 12. Bh4 g5 13. Bg3 Nh5 14. 0-0-0 0-0-0 15. Nc4 Nf4 16. Bxf4 exf4 17. h3 Be6 18. Nd4 Bxd4 19. Rxd4 Rxd4 20. cxd4 Rd8 21. Rd1 b5 22. Ne5 Bxa2 23. b4 Bb3 24. Rd3 Bc4 25. Nxc4 bxc4 26. Rd1 Qe7 27. Qxc4 Qxe4 28. Qxf7 1/2-1/2

[Event "BCF-chT3 0809 (4NCL)"]
[Site "Hinckley Island"]
[Date "2009.02.08"]
[Round "6.3"]
[White "Rajeswaran, Kiruthika"]
[Black "Rees, Sioned"]
[Result "1-0"]
[WhiteElo "1850"]
[BlackElo "1395"]
[PlyCount "62"]
[EventDate "2008.10.18"]
[EventType "team-swiss"]
[EventRounds "11"]
[EventCountry "ENG"]
[SourceTitle "EXT 2010"]
[Source "ChessBase"]
[SourceDate "2010.11.25"]
[SourceVersion "1"]
[SourceVersionDate "2010.11.25"]
[SourceQuality "1"]
[WhiteTeam "Leicester III"]
[BlackTeam "WOB"]
[WhiteTeamCountry "ENG"]
[BlackTeamCountry "ENG"]

1. e4 e5 2. Bc4 Nf6 3. d4 exd4 4. Nf3 d5 5. exd5 Nxd5 6. Qxd4 Qe7+ 7. Qe5 Qxe5+ 8. Nxe5 Be6 9. 0-0 Bd6 10. Nd3 0-0 11. Nd2 Re8 12. Ne4 Bf8 13. Ndc5 Nb6 14. Nxe6 fxe6 15. Bb3 N8d7 16. Bf4 c6 17. Rad1 Nd5 18. Bd6 N7f6 19. Nxf6+ Nxf6 20. Bxf8 Kxf8 21. Rfe1 e5 22. f3 Re7 23. Rd6 e4 24. fxe4 Rxe4 25. Rxf6+ gxf6 26. Rxe4 Re8 27. Rxe8+ Kxe8 28. Kf2 Ke7 29. Ke3 f5 30. c3 Kf6 31. Kf4 b6 1-0

[Event "BCF-chT3 0809 (4NCL)"]
[Site "Hinckley Island"]
[Date "2008.10.18"]
[Round "1.5"]
[White "Varley, Ed G"]
[Black "Rajeswaran, Kiruthika"]
[Result "1/2-1/2"]
[WhiteElo "1910"]
[BlackElo "1850"]
[PlyCount "52"]
[EventDate "2008.10.18"]
[EventType "team-swiss"]
[EventRounds "11"]
[EventCountry "ENG"]
[SourceTitle "EXT 2010"]
[Source "ChessBase"]
[SourceDate "2010.11.25"]
[SourceVersion "1"]
[SourceVersionDate "2010.11.25"]
[SourceQuality "1"]
[WhiteTeam "Bristol II"]
[BlackTeam "Leicester III"]
[WhiteTeamCountry "ENG"]
[BlackTeamCountry "ENG"]

1. d4 Nf6 2. c4 c5 3. d5 b5 4. cxb5 a6 5. bxa6 g6 6. Nc3 Bxa6 7. g3 Bg7 8. Bg2 d6 9. Nf3 0-0 10. 0-0 Nbd7 11. Re1 c4 12. Nd4 Nc5 13. Nc6 Qc7 14. Be3 Bb7 15. Bxc5 dxc5 16. Nb5 Qd7 17. a4 Ra6 18. Rc1 Nxd5 19. Qxd5 Qxc6 20. Qxc6 Bxc6 21. Bxc6 Rxc6 22. Rxc4 Bxb2 23. Rb1 Bf6 24. Nc3 Bxc3 25. Rxc3 Ra8 26. Rc4 Rca6 1/2-1/2